| 000 | 00721nam a2200313Ia 4500 | ||
|---|---|---|---|
| 008 | 210210b1862 xxu||||| |||| 00| 0 eng d | ||
| 041 | _aeng | ||
| 082 | _a954/297 | ||
| 100 | _aORME (B R) | ||
| 245 | _aCollection of maps and plans to accompany the history of military transactions in Indostan from 1745 | ||
| 260 |
_aMadras _b- _c1862 |
||
| 650 | _atransactions | ||
| 650 | _ato | ||
| 650 | _athe | ||
| 650 | _aplans | ||
| 650 | _aof | ||
| 650 | _amilitary | ||
| 650 | _amaps | ||
| 650 | _aIndostan | ||
| 650 | _ain | ||
| 650 | _ahistory | ||
| 650 | _afrom | ||
| 650 | _aCollection | ||
| 650 | _aand | ||
| 650 | _aaccompany | ||
| 650 | _a1745 | ||
| 690 | _aIndian History | ||
| 906 | _a026057 | ||
| 999 |
_c151985 _d151985 |
||